Countries mentioned in Forrest Gump - Statistics

General Stats
  • This quiz has been taken 19 times
  • The average score is 6 of 8
Answer Stats
Answer % Correct
Canada
100%
United States
100%
Mexico
94%
China
89%
Vietnam
89%
Cuba
67%
Cambodia
44%
Taiwan
22%
No matching quizzes found
Score Distribution
Percent of People with Each Score
Percentile by Number Answered
Your Score History
You have not taken this quiz